Reference India: biographical-notes about men & women of achievement of today & tomorrow (Record no. 18976)
[ view plain ]
| 000 -LEADER | |
|---|---|
| fixed length control field | 00533nam a2200145Ia 4500 |
| 082 ## - DEWEY DECIMAL CLASSIFICATION NUMBER | |
| Classification number | RR 920.54 REF- |
| 245 #0 - TITLE STATEMENT | |
| Title | Reference India: biographical-notes about men & women of achievement of today & tomorrow |
| 260 ## - PUBLICATION, DISTRIBUTION, ETC. (IMPRINT) | |
| Place of publication | New Delhi |
| Name of publisher | Rifacimento International |
| Year of publication | 2008 |
| 500 ## - GENERAL NOTE | |
| General note | contents: 4 Vols. Vol.1 (A-F), (400p.) - v.2 (G-L), (399p.) - v.3 (M-R), (400p.) - v.4 (S-Z), (400p.) |
| 650 ## - SUBJECT ADDED ENTRY--TOPICAL TERM | |
| Topical Term | India |
| Form subdivision | Biography |
| 650 ## - SUBJECT ADDED ENTRY--TOPICAL TERM | |
| Topical Term | Celebrities |
| Form subdivision | Biography |
| 650 ## - SUBJECT ADDED ENTRY--TOPICAL TERM | |
| Topical Term | Biography |
| Form subdivision | Directories |
| 700 ## - ADDED ENTRY--PERSONAL NAME | |
| Personal name | Bhushan, Ravi |
| 942 ## - ADDED ENTRY ELEMENTS (KOHA) | |
| Koha item type | Books |
| Source of classification or shelving scheme | Dewey Decimal Classification |
| Withdrawn status | Lost status | Damaged status | Not for loan | Home library | Current library | Date acquired | Source of acquisition | Serial Enumeration / chronology | Bill Date | Full call number | Accession Number | Price effective from | Koha item type |
|---|---|---|---|---|---|---|---|---|---|---|---|---|---|
| NASSDOC Library | NASSDOC Library | 16/12/2008 | BW | V.1 | 2008-09-10 | RR 920.54 REF- | 44818 | 18/04/2019 | Books | ||||
| NASSDOC Library | NASSDOC Library | 16/12/2008 | BW | V.2 | 2008-09-10 | RR 920.54 REF- | 44819 | 18/04/2019 | Books | ||||
| NASSDOC Library | NASSDOC Library | 16/12/2008 | BW | V.3 | 2008-09-10 | RR 920.54 REF- | 44820 | 18/04/2019 | Books | ||||
| NASSDOC Library | NASSDOC Library | 16/12/2008 | BW | V.4 | 2008-09-10 | RR 920.54 REF- | 44821 | 18/04/2019 | Books |
